El Desierto
Պահպանված է:
| Հիմնական հեղինակ: | |
|---|---|
| Ձևաչափ: | Գիրք |
| Լեզու: | Undetermined |
| Հրապարակվել է: |
Lima, Perú
Nuevo Mundo
1959
|
| Խորագրեր: | |
| Ցուցիչներ: |
Ավելացրեք ցուցիչ
Չկան պիտակներ, Եղեք առաջինը, ով նշում է այս գրառումը!
|
MARC
| LEADER | 00000nam a2200000Ia 4500 | ||
|---|---|---|---|
| 008 | 170316s9999 xx 000 0 und d | ||
| 040 | |a cru BVZT | ||
| 090 | |a 860 Q-4d | ||
| 100 | |a Quiroga, Horacio | ||
| 245 | |a El Desierto | ||
| 260 | |a Lima, Perú | ||
| 260 | |b Nuevo Mundo | ||
| 260 | |c 1959 | ||
| 300 | |a 130 páginas | ||
| 650 | |a LITERATURA LATINOAMERICANA | ||
| 999 | |c 9122 |d 9122 | ||
| 942 | |c 15 D |h 860 Q-4d |2 z | ||
